000 00671nam a22001697a 4500
003 OSt
005 20171010095438.0
008 120604t xxu||||| |||| 00| 0 eng d
040 _aMMSU
_cULS
100 _aSebastian, Charmaine Joy P.
_99960
245 _aIsolation and characterization of bacteria associated with the rhizosphere zone of potential phytoremediation plants identified at the Laoag Sanitary landfil
_cCharmaine Joy P. Sebastian
260 _c2007
300 _axv, 39 leaves
_c28 cm.
500 _aThesis (BS Biology) -- Mariano Marcos State University-College of Arts and Sciences, Batac City
504 _aBibliography: leaf 25
942 _2ddc
_cTHEDIS
999 _c9529
_d9529